| 000 | 00647nam a2200217 a 4500 | ||
|---|---|---|---|
| 008 | |||
| 020 | _a0697011771 (pbk.) | ||
| 049 | _aMAIN | ||
| 090 |
_aQP44 _bPFL |
||
| 100 | 1 | _aPflanzer, Richard G. | |
| 245 | 1 | 0 |
_aExperimental and applied physiology / _cRichard G. Pflanzer. |
| 250 | _a4th ed. | ||
| 260 |
_aDubuque : _bWm. C. Brown Publishers, _c1990. |
||
| 300 |
_aviii, 391 p. : _bill. (some col.) ; _c28 cm. |
||
| 650 | 0 |
_aHuman physiology _xLaboratory manuals. |
|
| 907 |
_a.b10140268 _b15-05-12 _c22-11-04 |
||
| 003 | |||
| 005 | 20230120203920.0 | ||
| 040 | _cNUST | ||
| 942 |
_cBOOKS _kQP44 _mPFL |
||
| 999 |
_c113790 _d113790 |
||